| 000 | 01637nam a2200217Ia 4500 | ||
|---|---|---|---|
| 999 |
_c36272 _d36272 |
||
| 001 | 2179 | ||
| 003 | GE_BSU | ||
| 005 | 20190513150218.0 | ||
| 008 | 181216s2004||||ge |||||||||||||| ||geo|| | ||
| 040 | _cGE_BSU | ||
| 041 | _ageo | ||
| 080 | _a327(479.22) ქ–27 | ||
| 245 |
_aქართული დიპლომატია : _bწელიწდეული 11 / _cივანე ჯავახიშვილის სახელობის თბილისის სახელმწიფო უნივერსიტეტი, ქართული სახელმწიფო და სახალხო დიპლომატიის ისტორიის სამეცნიერო კვლევითი ცენტრი ; მთ. რედ.: როინ მეტრეველი. |
||
| 264 |
_aთბილისი : _bთბილისის უნ-ტის გამ-ბა, _c2004. |
||
| 300 |
_a743 გვ. _b19 სმ. |
||
| 653 | _aდიპლომატია | ||
| 653 | _aქართული დიპლომატია | ||
| 700 |
_aმეტრეველი, როინ _eმთავარი რედაქტორი _91062 |
||
| 710 |
_aივანე ჯავახიშვილის სახელობის თბილისის სახელმწიფო უნივერსიტეტი, _bქართული სახელმწიფო და სახალხო დიპლომატიის ისტორიის სამეცნიერო კვლევითი ცენტრი. _91063 |
||
| 942 |
_cBK _2udc |
||